000 00668nam a2200217Ia 4500
001 10339
003 GE_BSU
008 181216s||||||||xx |||||||||||||| ||und||
040 _cGE_BSU
080 _a821.353.1–31
100 _aურჯუმელაშვილი, ივანე
245 _aთანატოლები
245 _bრომანი
245 _cრედ.კ.ბობოხიძე;მხატვ.ვ.გიორგობიანი
260 _aთბილისი
260 _bსახელგამი
260 _c1956
300 _a210გვ.19სმ.
653 _aთანატოლები
942 _cBK
999 _c43604
_d43604